000
00206 a2200097 4500
020
_a
8944513362083
041
_a
spa
100
_a
Sicoben
245
_a
Tania la tortuga encuentra asus Hermanos
942
_c
BK
999
_c
29053
_d
29051